000 00305 a2200133 4500
001 153337
040 _cEscola São Tomás de Aquino
100 _aMACHADO, Ana Maria
240 1 0 _aO veado e a onça
_lpor
245 1 0 _aO veado e a onça
362 0 _a2004
697 _a*LITERATURA INFANTO
942 _cBK
999 _c153337
_d153337